Nr. 1 Hits in Deutschland 1999 - Statistiken

Allgemein
  • Dieses Quiz wurde 81 mal gespielt
  • Das Durchschnittsergebnis liegt bei 7 aus 10
Antwortstatistiken
Wochen auf Platz 1 Lied Interpret % Korrekt
6 Wochen … Baby One More Time Britney Spears
94%
11 Wochen Mambo No. 5 Lou Bega
93%
8 Wochen Maschen-Draht-Zaun Stefan Raab & Truck Stop
86%
2 Wochen I Want It That Way Backstreet Boys
83%
9 Wochen Blue (Da Ba Dee) Eiffel 65
68%
1 Woche The Bad Touch Bloodhound Gang
60%
3 Wochen Hijo de la luna Loona
58%
7 Wochen Big Big World Emilia
49%
5 Wochen So bist du (& wenn du gehst …) Oli P.
49%
4 Wochen Flat Beat Mr. Oizo
31%
Keine übereinstimmenden Quizze gefunden
Verteilung der Resultate
Anzahl Personen mit jedem Resultat
Perzentil nach korrekt beantworteten Fragen
Ihre Resultats-Entwicklung
Sie haben dieses Quiz noch nicht gespielt